Foreclosure review, regulators could strengthen oversight and improve transparency of the process : report to congressional requesters.

Bibliographic Details
Format: Government Document eBook
Language:English
Published: [Washington, D.C.] : United States Government Accountability Office, 2014.
Subjects:
Online Access:https://purl.fdlp.gov/GPO/gpo42533
http://purl.fdlp.gov/GPO/gpo42533

MARC

Tag First Indicator Second Indicator Subfields
LEADER 00000cam a2200000 i 4500
001 in00003523708
005 20210430152320.0
006 m o d f
007 cr m||||||||||
008 141105s2014 dcua ob f000 0 eng c
035 |a (OCoLC)ocn894525112 
042 |a pcc 
043 |a n-us--- 
040 |a GPO  |b eng  |e rda  |e pn  |c GPO  |d MvI 
049 |a WWW 
074 |a 0546-D (online) 
086 0 |a GA 1.13:GAO-14-376 
088 |a GAO-14-376 
110 1 |a United States.  |b Government Accountability Office,  |e issuing body. 
245 1 0 |a Foreclosure review, regulators could strengthen oversight and improve transparency of the process :  |b report to congressional requesters. 
264 1 |a [Washington, D.C.] :  |b United States Government Accountability Office,  |c 2014. 
300 |a 1 online resource (iii, 87 pages) :  |b illustrations 
336 |a text  |2 rdacontent 
337 |a computer  |2 rdamedia 
338 |a online resource  |2 rdacarrier 
500 |a Title from title screen (viewed Oct. 15, 2014). 
500 |a "April 2014." 
504 |a Includes bibliographical references. 
500 |a "GAO-14-376." 
650 0 |a Foreclosure  |z United States  |x Prevention  |x Evaluation. 
650 0 |a Communication in consumer education  |z United States  |x Evaluation. 
650 0 |a Mortgage loans  |x Refinancing  |z United States  |x Evaluation. 
650 0 |a Transparency in government  |z United States. 
856 4 0 |u https://purl.fdlp.gov/GPO/gpo42533  |t 0 
856 4 0 |u http://purl.fdlp.gov/GPO/gpo42533  |t 0 
999 f f |s 5134f3e7-5a07-3a70-adbd-9d2536da74c3  |i a5675c0f-cc82-3a83-bcd0-ca566b3de354  |t 0 
952 f f |a Texas A&M University  |b College Station  |c Electronic Resources  |d Available Online  |t 0  |e GA 1.13:GAO-14-376  |h Superintendent of Documents classification 
998 f f |a GA 1.13:GAO-14-376  |t 0  |l Available Online